Súbor aproximačných nariadení vlády pre oblasť živočíšnych produktov II. diel

Bibliographic Details
Corporate Author: Slovensko (Author)
Format: Book
Language:Slovak
PhysicalDescription:343 s. tab. 30 cm
Published: Bratislava Epos 2003
ISBN:8080575797
Edition:[1. vyd.]
Subjects:

MARC

LEADER 00000nam a2200000 a 4500
001 vtls001471634
003 SK-MaSNL
005 20260426014542.0
008 240226s2003 xo a slo
015 |a SNBI2004/03-01027 
020 |a 8080575797 
035 |a SNK000426937 
035 |a urn:nbn:sk:snk-amygv2 
035 |a urn:nbn:sk:snk-am00cl8g 
035 |a B1BCF21A-0AC7-4417-9A96-CAAB22B5409A 
040 |a SNK  |b slo  |c SNK  |e AACR2 
041 0 |a slo 
043 |a e-xo--- 
044 |a xo  |c SK 
072 7 |a 613  |x Hygiena. Ľudské zdravie  |2 konspekt 
072 7 |a 637  |x Živočíšne produkty  |2 konspekt 
072 7 |a 636.09  |x Veterinárna medicína  |2 konspekt 
080 |a 637  |2 1981 
080 |a 636.09  |2 1981 
080 |a 614.31  |2 1981 
080 |a (437.6)  |2 1981 
080 |a (094.5)  |2 1981 
110 1 |a Slovensko  |4 aut  |9 266955 
245 1 |a Súbor aproximačných nariadení vlády pre oblasť živočíšnych produktov  |n II. diel 
250 |a [1. vyd.] 
260 |a Bratislava  |b Epos  |c 2003 
300 |a 343 s.  |b tab.  |c 30 cm 
650 0 7 |a spracovanie poľnohospodárskych produktov  |2 SNK  |9 68591 
650 0 7 |a živočíšne produkty  |2 SNK  |9 91072 
650 0 7 |a hygiena potravín  |2 SNK  |9 2487 
650 0 7 |a veterinárna medicína  |2 SNK  |9 1148 
651 7 |a Slovensko  |2 SNK  |9 14231 
655 7 |a nariadenia  |2 SNK  |9 70672 
655 7 |a príručky  |2 SNK  |9 74364 
655 7 |a právne predpisy  |2 SNK  |9 70481 
655 7 |a zákony  |2 SNK  |9 70186 
919 |a 80-8057-579-7 
999 |c 1161050  |d 1162980 
952 |t P60, <03>, [BOOK], {603}  |a SNK  |b SNK  |y PREZ  |7 0  |p 17A0421593  |o snkSB 68106/2  |i snkKSP 4415/2004  |0 0  |1 0  |4 0  |d 2004-03-23  |f 1  |l 0  |r 2025-04-16 00:00:00  |w 2026-02-24